[Event "9. Int. Bavarian Open"]
[Site "Bad Wiessee"]
[Date "2005.10.30"]
[Round "2"]
[White "Bromberger, Stefan"]
[Black "Weidlich, Günter"]
[Result "1/2-1/2"]
[WhiteElo "2478"]
[BlackElo "2163"]
[PlyCount "81"]
[EventDate "2005.??.??"]

1. Nf3 d5 2. d4 Nf6 3. c4 e6 4. Nc3 Be7 5. Bf4 O-O 6. e3 a6 7. c5 Nbd7 8. Bd3
Nh5 9. Qc2 f5 10. b4 g5 11. Bg3 g4 12. Ng1 Nxg3 13. hxg3 c6 14. Nge2 Bg5 15.
Nf4 Nf6 16. f3 Qe7 17. Nce2 e5 18. dxe5 Qxe5 19. Kf2 Ne4+ 20. fxe4 fxe4 21.
Bxe4 dxe4 22. Rad1 Bf5 23. Nd4 Rae8 24. Qc4+ Be6 25. Ndxe6 Qxe6 26. Qxe6+ Rxe6
27. Rd7 Re7 28. Rhd1 Rxd7 29. Rxd7 Rf7 30. Rd4 Re7 31. Rd8+ Kf7 32. Ke2 Re8 33.
Rd7+ Re7 34. Rd8 Re8 35. Rd7+ Re7 36. Rd6 Bf6 37. Kd2 Re8 38. Kc2 Rd8 39. Re6
Re8 40. Rd6 Rd8 41. Re6 1/2-1/2

[Event "9. Int. Bavarian Open"]
[Site "Bad Wiessee"]
[Date "2005.10.30"]
[Round "2"]
[White "Senff, Martin"]
[Black "Heimerdinger, Jörg"]
[Result "1-0"]
[WhiteElo "2469"]
[BlackElo "2162"]
[PlyCount "47"]
[EventDate "2005.??.??"]

1. e4 e6 2. d4 d5 3. Nc3 Bb4 4. e5 c5 5. a3 Bxc3+ 6. bxc3 Qa5 7. Bd2 Qa4 8. Nf3
b6 9. h4 Ba6 10. h5 h6 11. Rh4 Bxf1 12. Kxf1 Ne7 13. Rf4 Nd7 14. Kg1 cxd4 15.
Nxd4 Qa6 16. Qg4 Rg8 17. Rxf7 Kxf7 18. Qxe6+ Kf8 19. Qxd7 Qc8 20. Qd6 Qb8 21.
Ne6+ Kf7 22. Nc7 Re8 23. Qe6+ Kf8 24. Bxh6 1-0

[Event "9. Int. Bavarian Open"]
[Site "Bad Wiessee"]
[Date "2005.10.30"]
[Round "2"]
[White "Weisenburger, Horst"]
[Black "Braun, Arik"]
[Result "0-1"]
[WhiteElo "2164"]
[BlackElo "2465"]
[PlyCount "76"]
[EventDate "2005.??.??"]

1. e4 c6 2. d4 d5 3. f3 e6 4. Bf4 Qb6 5. b3 Nf6 6. e5 Nfd7 7. c4 Bb4+ 8. Kf2
dxc4 9. Bxc4 O-O 10. Nh3 Rd8 11. Bg5 Re8 12. a3 Bf8 13. Re1 Qc7 14. Nc3 Nb6 15.
Bd3 c5 16. Rc1 Qd7 17. Ne4 Qxd4+ 18. Be3 Qxe5 19. Nxc5 Nd5 20. Ng5 Nxe3 21.
Bxh7+ Kh8 22. Nxf7+ Kxh7 23. Rxe3 Qf5 24. Ne5 Nc6 25. Ncd3 Rd8 26. g4 Qf6 27.
Nxc6 bxc6 28. Qc2 Kh8 29. f4 Qh4+ 30. Kg2 c5 31. Ne5 Bb7+ 32. Kg1 Kg8 33. Rf1
Rd4 34. Qg6 Qf6 35. Qh5 Rd2 36. Nf3 Ra2 37. Ne1 Qd4 38. Qh3 Re2 0-1

[Event "9. Int. Bavarian Open"]
[Site "Bad Wiessee"]
[Date "2005.10.30"]
[Round "2"]
[White "Marcelin, Cyril"]
[Black "Krause, Christian"]
[Result "1-0"]
[WhiteElo "2463"]
[BlackElo "2160"]
[PlyCount "37"]
[EventDate "2005.??.??"]

1. e4 d6 2. d4 Nf6 3. Nc3 g6 4. Be3 c6 5. Qd2 b5 6. Bd3 Nbd7 7. Nf3 e5 8. dxe5
dxe5 9. h3 a6 10. a4 b4 11. Ne2 a5 12. Ng3 Bg7 13. O-O O-O 14. c3 Qe7 15. cxb4
axb4 16. Rfc1 c5 17. Qc2 Ra5 18. Nd2 Bb7 19. Nb3 1-0

[Event "9. Int. Bavarian Open"]
[Site "Bad Wiessee"]
[Date "2005.10.30"]
[Round "2"]
[White "Gohla, Ulf"]
[Black "Hoffmann, Michael"]
[Result "0-1"]
[WhiteElo "2162"]
[BlackElo "2443"]
[PlyCount "54"]
[EventDate "2005.??.??"]

1. d4 d6 2. c4 g6 3. Nc3 Bg7 4. e4 Nf6 5. Nf3 O-O 6. Be2 Na6 7. Bg5 h6 8. Bh4
g5 9. Bg3 Nh5 10. h4 g4 11. Nh2 Nxg3 12. fxg3 h5 13. Qd2 e5 14. d5 Kh7 15. Bd3
Bh6 16. Qf2 Nc5 17. Bc2 f5 18. exf5 e4 19. O-O Bxf5 20. Qe2 Qe7 21. Rae1 Rae8
22. b4 Qe5 23. Nb5 Nd3 24. Bxd3 exd3 25. Qxe5 Rxe5 26. Nxc7 Rxe1 27. Rxe1 d2
0-1

[Event "9. Int. Bavarian Open"]
[Site "Bad Wiessee"]
[Date "2005.10.30"]
[Round "2"]
[White "Kopylov, Michael"]
[Black "Tochtrop, Matthias"]
[Result "1/2-1/2"]
[WhiteElo "2445"]
[BlackElo "2154"]
[PlyCount "72"]
[EventDate "2005.??.??"]

1. d4 Nf6 2. c4 g6 3. g3 Bg7 4. Bg2 O-O 5. Nc3 d6 6. Nf3 Nbd7 7. O-O e5 8. e4
a6 9. Re1 exd4 10. Nxd4 Ne5 11. b3 c5 12. Nc2 Rb8 13. a4 Ne8 14. Bb2 Nc6 15.
Qd3 Nc7 16. Rad1 Nd4 17. Nd5 Nxd5 18. Nxd4 Nc7 19. a5 cxd4 20. Bxd4 Bxd4 21.
Qxd4 Ne6 22. Qxd6 Qxd6 23. Rxd6 Rd8 24. Red1 Rxd6 25. Rxd6 Kf8 26. e5 Ke7 27.
Rb6 Kd8 28. f4 Kc7 29. Kf2 Bd7 30. Ke3 Nd8 31. Bd5 Be6 32. b4 Nc6 33. Ke4 Bf5+
34. Ke3 Be6 35. Ke4 Bf5+ 36. Ke3 Be6 1/2-1/2

[Event "9. Int. Bavarian Open"]
[Site "Bad Wiessee"]
[Date "2005.10.30"]
[Round "2"]
[White "Ferrari, Josef"]
[Black "Meins, Gerlef"]
[Result "0-1"]
[WhiteElo "2156"]
[BlackElo "2441"]
[PlyCount "56"]
[EventDate "2005.??.??"]

1. d4 d5 2. g3 c5 3. Nf3 cxd4 4. Nxd4 e5 5. Nf3 Nc6 6. Bg2 Nf6 7. O-O Be7 8. c4
d4 9. e3 O-O 10. exd4 exd4 11. b3 Bf5 12. Bb2 Bc5 13. Na3 Qb6 14. Qd2 Rad8 15.
Nc2 Ne4 16. Qf4 Nxg3 17. hxg3 Bxc2 18. Ne1 Bg6 19. Be4 Bxe4 20. Qxe4 Rfe8 21.
Qc2 Nb4 22. Qd1 d3 23. Bc3 Qg6 24. Qf3 d2 25. Bxb4 dxe1=Q 26. Bxe1 Rd3 27. Qf4
Rxg3+ 28. Kh2 Rg4 0-1

[Event "9. Int. Bavarian Open"]
[Site "Bad Wiessee"]
[Date "2005.10.30"]
[Round "2"]
[White "Gilbert, Jessie"]
[Black "Zude, Arno"]
[Result "1/2-1/2"]
[WhiteElo "2148"]
[BlackElo "2422"]
[PlyCount "84"]
[EventDate "2005.??.??"]

1. d4 Nf6 2. c4 e6 3. Nf3 b6 4. g3 Bb7 5. Bg2 Be7 6. O-O O-O 7. d5 Na6 8. Nc3
Bb4 9. Nd4 Bxc3 10. bxc3 Nc5 11. Ba3 Rb8 12. Nb3 d6 13. Bxc5 bxc5 14. Na5 Ba8
15. e4 e5 16. Rb1 Rb6 17. Qc2 Qd7 18. Rfe1 Rfb8 19. Bf1 g6 20. Bd3 Kg7 21. Rb5
a6 22. Rbb1 Rxb1 23. Rxb1 Rxb1+ 24. Qxb1 Qa4 25. Nb3 Qa3 26. Qc2 Nd7 27. Nd2
Nb6 28. Nb1 Qa5 29. Qb3 Bb7 30. Qa3 Qxa3 31. Nxa3 Na4 32. Nb1 Nb2 33. Be2 Bc8
34. f3 Bd7 35. Kf2 f5 36. Ke3 fxe4 37. fxe4 h5 38. Na3 Na4 39. Kd2 Nb6 40. h4
Ba4 41. Bf3 Kh6 42. Bd1 Bd7 1/2-1/2

[Event "9. Int. Bavarian Open"]
[Site "Bad Wiessee"]
[Date "2005.10.30"]
[Round "2"]
[White "Rau, Hannes"]
[Black "Fischer, Ernst"]
[Result "1/2-1/2"]
[WhiteElo "2421"]
[BlackElo "2147"]
[PlyCount "56"]
[EventDate "2005.??.??"]

1. d4 Nf6 2. c4 e6 3. Nc3 Bb4 4. Qc2 O-O 5. a3 Bxc3+ 6. Qxc3 Ne4 7. Qc2 f5 8.
Bf4 b6 9. f3 Nf6 10. e3 Bb7 11. Bd3 d6 12. Ne2 Nbd7 13. Bg3 Nh5 14. Bf2 Qg5 15.
Rg1 g6 16. f4 Qe7 17. O-O-O Nhf6 18. Nc3 d5 19. Kb1 Rac8 20. Bh4 Qf7 21. Bxf6
Nxf6 22. Qa4 dxc4 23. Bxc4 c5 24. Qb3 Bd5 25. Nxd5 exd5 26. Ba6 c4 27. Qa4 Rce8
28. Rge1 Re4 1/2-1/2

[Event "9. Int. Bavarian Open"]
[Site "Bad Wiessee"]
[Date "2005.10.30"]
[Round "2"]
[White "Pirrot, Dieter"]
[Black "Meyer, Hartmut"]
[Result "1-0"]
[WhiteElo "2401"]
[BlackElo "2146"]
[PlyCount "43"]
[EventDate "2005.??.??"]

1. e4 e5 2. Nf3 Nc6 3. Bc4 Nf6 4. Ng5 d5 5. exd5 Na5 6. Bb5+ c6 7. dxc6 bxc6 8.
Qf3 Bb7 9. Bd3 Qc7 10. Nc3 h6 11. Nge4 Nd5 12. a3 Nxc3 13. dxc3 c5 14. Bb5+ Bc6
15. Bxc6+ Nxc6 16. Be3 Rb8 17. b4 cxb4 18. axb4 a5 19. O-O Be7 20. Qg3 Kf8 21.
f4 axb4 22. fxe5 1-0

[Event "9. Int. Bavarian Open"]
[Site "Bad Wiessee"]
[Date "2005.10.30"]
[Round "2"]
[White "Deglmann, Ludwig"]
[Black "Hönnekes, Klaus"]
[Result "1-0"]
[WhiteElo "2378"]
[BlackElo "2140"]
[PlyCount "81"]
[EventDate "2005.??.??"]

1. Nf3 f5 2. d3 d6 3. e4 e5 4. Nc3 Nf6 5. exf5 Bxf5 6. d4 e4 7. Nh4 Bg4 8. Be2
Bxe2 9. Qxe2 Be7 10. Nxe4 Nxe4 11. Qxe4 O-O 12. Nf5 Bf6 13. Qxb7 Qe8+ 14. Be3
Nc6 15. O-O Qd7 16. Qb3+ d5 17. Qc3 Nd8 18. Ng3 Ne6 19. Qd2 Rab8 20. c3 Rf7 21.
Rae1 Rbf8 22. Qe2 Nd8 23. c4 c6 24. c5 Ne6 25. Qd3 g6 26. b4 Bg7 27. Ne2 Qb7
28. Rb1 Qe7 29. b5 cxb5 30. Qxb5 Qh4 31. Qc6 Nxd4 32. Nxd4 Bxd4 33. Qxd5 Rd8
34. Qe6 Kg7 35. Bxd4+ Qxd4 36. c6 Rd6 37. Qe8 Qc5 38. Rbc1 Qb5 39. Qc8 Qb6 40.
Qe8 Qb5 41. a4 1-0

[Event "9. Int. Bavarian Open"]
[Site "Bad Wiessee"]
[Date "2005.10.30"]
[Round "2"]
[White "Eis, Helko"]
[Black "Meinhardt, Maximilian"]
[Result "0-1"]
[WhiteElo "2137"]
[BlackElo "2372"]
[PlyCount "40"]
[EventDate "2005.??.??"]

1. c4 e6 2. g3 d5 3. Bg2 c5 4. b3 Nf6 5. Nf3 Be7 6. O-O O-O 7. d3 Nc6 8. Bb2 d4
9. Nbd2 Ne8 10. a3 e5 11. Ne1 Be6 12. Nc2 Qd7 13. b4 Bh3 14. bxc5 Bxc5 15. Nb3
b6 16. a4 Rc8 17. a5 Ne7 18. axb6 axb6 19. Nxc5 bxc5 20. Ra5 Bxg2 0-1

[Event "9. Int. Bavarian Open"]
[Site "Bad Wiessee"]
[Date "2005.10.30"]
[Round "2"]
[White "Bücker, Stefan"]
[Black "Koller, Hubert"]
[Result "1-0"]
[WhiteElo "2349"]
[BlackElo "2132"]
[PlyCount "69"]
[EventDate "2005.??.??"]

1. e4 c6 2. d4 d5 3. f3 e6 4. Be3 dxe4 5. fxe4 Qh4+ 6. g3 Qxe4 7. Qe2 Qxh1 8.
Bg2 Qxh2 9. Bxc6+ Nxc6 10. Qxh2 Nf6 11. Nc3 Bd7 12. O-O-O Bb4 13. Nb5 Nd5 14.
Bf4 Nxf4 15. gxf4 O-O 16. a3 Be7 17. Nc3 Rfd8 18. Nf3 g6 19. Ne4 Kg7 20. Kb1 h6
21. Ka2 b6 22. c4 f5 23. Nc3 Bf6 24. Rh1 Rh8 25. Qg2 Ne7 26. d5 exd5 27. Nxd5
Bc6 28. Nxf6 Kxf6 29. Rxh6 Rxh6 30. Qg5+ Kg7 31. Qxe7+ Kg8 32. Qe6+ Kh8 33.
Qxc6 Rg8 34. Qf6+ Rg7 35. Qf8+ 1-0

[Event "9. Int. Bavarian Open"]
[Site "Bad Wiessee"]
[Date "2005.10.31"]
[Round "3"]
[White "Delchev, Aleksander"]
[Black "Gießmann, Stephan"]
[Result "1-0"]
[WhiteElo "2669"]
[BlackElo "2284"]
[PlyCount "63"]
[EventDate "2005.??.??"]

1. e4 e6 2. d4 d5 3. Nd2 Nf6 4. e5 Nfd7 5. c3 c5 6. Bd3 Nc6 7. Ngf3 g6 8. h4
cxd4 9. cxd4 f5 10. Nb3 h6 11. g4 Bb4+ 12. Kf1 Nf8 13. Rg1 Be7 14. Be3 Bd7 15.
a3 Rc8 16. Rc1 b6 17. Qd2 h5 18. gxf5 exf5 19. Ba6 Rc7 20. Bf4 Rg8 21. e6 Nxe6
22. Bxc7 Nxc7 23. Bd3 Bf6 24. Rc3 Kf7 25. Qc1 Qa8 26. Qf4 Ne6 27. Qd6 Rd8 28.
Bb5 Ne5 29. Bxd7 Nxd7 30. Rxg6 Kxg6 31. Qxe6 Qb8 32. Ng5 1-0

[Event "9. Int. Bavarian Open"]
[Site "Bad Wiessee"]
[Date "2005.10.31"]
[Round "3"]
[White "Khenkin, Igor"]
[Black "Polster, Wolfgang"]
[Result "1-0"]
[WhiteElo "2603"]
[BlackElo "2281"]
[PlyCount "39"]
[EventDate "2005.??.??"]

1. d4 f5 2. g3 g6 3. Bg2 Bg7 4. c3 Nh6 5. Nd2 d5 6. Ndf3 Nf7 7. h4 c6 8. h5 Nd7
9. Nh3 e5 10. Nhg5 e4 11. Ne6 exf3 12. Nxg7+ Ke7 13. exf3 Kf6 14. h6 Qe7+ 15.
Kf1 g5 16. Rh5 Nb6 17. Bh3 Nc4 18. f4 g4 19. Nxf5 Qe4 20. Bxg4 1-0

[Event "9. Int. Bavarian Open"]
[Site "Bad Wiessee"]
[Date "2005.10.31"]
[Round "3"]
[White "Eingorn, Vereslav"]
[Black "Nogly, Christoph"]
[Result "1/2-1/2"]
[WhiteElo "2587"]
[BlackElo "2274"]
[PlyCount "112"]
[EventDate "2005.??.??"]

1. c4 e6 2. Nf3 Nf6 3. g3 d5 4. b3 c5 5. Bg2 Nc6 6. O-O Be7 7. e3 O-O 8. Bb2 b6
9. Nc3 Ba6 10. Qe2 Rc8 11. d3 Qc7 12. Rac1 Rfd8 13. Rfd1 Qb8 14. h3 Rd7 15. Nb5
dxc4 16. bxc4 Bb7 17. Rb1 Qa8 18. a3 Rcd8 19. Ne1 Ne8 20. f4 Bf6 21. Nc3 Nd6
22. g4 g6 23. Nf3 Bg7 24. Ng5 h6 25. Nge4 Ne8 26. Ng3 Ne7 27. Bxb7 Qxb7 28.
Nce4 Qc7 29. Bxg7 Kxg7 30. Nf2 Nc6 31. Nge4 f5 32. gxf5 exf5 33. Nc3 Qd6 34.
Nd5 Nf6 35. Qb2 Kf7 36. Nxf6 Qxf6 37. Qxf6+ Kxf6 38. h4 g5 39. hxg5+ hxg5 40.
fxg5+ Kxg5 41. Kf1 Rh7 42. Ke2 Rh2 43. Rh1 Rdh8 44. Rbg1+ Kf6 45. Rxh2 Rxh2 46.
Rh1 Rxh1 47. Nxh1 Kg5 48. Nf2 Kh4 49. Kf3 Kg5 50. Nh3+ Kh4 51. Nf4 Ne5+ 52. Ke2
Kg3 53. a4 Nc6 54. Ne6 Kg4 55. Nf4 Kg3 56. Ne6 Kg4 1/2-1/2

[Event "9. Int. Bavarian Open"]
[Site "Bad Wiessee"]
[Date "2005.10.31"]
[Round "3"]
[White "Jaracz-Grabarska, Barbara"]
[Black "Vysochin, Spartak"]
[Result "0-1"]
[WhiteElo "2281"]
[BlackElo "2578"]
[PlyCount "48"]
[EventDate "2005.??.??"]

1. e4 e6 2. d4 d5 3. Nd2 c5 4. exd5 exd5 5. Bb5+ Nc6 6. Ngf3 cxd4 7. O-O Bd6 8.
Nb3 Nge7 9. Nbxd4 O-O 10. h3 Bc7 11. Re1 Qd6 12. c3 Ng6 13. Bf1 Nxd4 14. Qxd4
Bf5 15. Qd1 Rfe8 16. Be3 h5 17. Bd3 Be4 18. Bxe4 Rxe4 19. Kf1 Rae8 20. Qd3 Ne5
21. Nxe5 Qxe5 22. Rad1 Qh2 23. f3 R4e6 24. Qd2 Bg3 0-1

[Event "9. Int. Bavarian Open"]
[Site "Bad Wiessee"]
[Date "2005.10.31"]
[Round "3"]
[White "Sandipan, Chanda"]
[Black "Lorscheid, Gerhard"]
[Result "1/2-1/2"]
[WhiteElo "2560"]
[BlackElo "2262"]
[PlyCount "66"]
[EventDate "2005.??.??"]

1. d4 d6 2. c4 g6 3. Nc3 Bg7 4. Nf3 Nf6 5. e4 O-O 6. Be2 c5 7. O-O cxd4 8. Nxd4
Nc6 9. Be3 Bd7 10. Qd2 Nxd4 11. Bxd4 Bc6 12. f3 Nd7 13. Be3 a5 14. b3 Nc5 15.
Rab1 Qb6 16. Rfc1 Rfc8 17. Rc2 Qd8 18. Kh1 h5 19. Bf1 Kh7 20. a3 Be5 21. Nd5 e6
22. Nf4 Qh8 23. Ne2 a4 24. b4 Nb3 25. Qd1 b5 26. Nc1 bxc4 27. Bxc4 Na1 28. Rf2
Be8 29. Bf1 Nb3 30. f4 Bd4 31. Bxd4 Qxd4 32. Qxd4 Nxd4 33. Rd2 e5 1/2-1/2

[Event "9. Int. Bavarian Open"]
[Site "Bad Wiessee"]
[Date "2005.10.31"]
[Round "3"]
[White "Botschek, Martin"]
[Black "Bischoff, Klaus"]
[Result "0-1"]
[WhiteElo "2249"]
[BlackElo "2555"]
[PlyCount "74"]
[EventDate "2005.??.??"]

1. e4 e6 2. d3 d5 3. Nd2 Nf6 4. Ngf3 Be7 5. g3 c5 6. Bg2 Nc6 7. O-O b6 8. Re1
Bb7 9. c3 Qc7 10. a3 dxe4 11. dxe4 Rd8 12. Qc2 Nd7 13. Nf1 O-O 14. Bf4 Qc8 15.
h4 c4 16. e5 Nc5 17. Ne3 Na5 18. Ng5 Nd3 19. Rf1 h6 20. Nh3 Bxg2 21. Kxg2 Qc5
22. Rae1 Nc6 23. Ng4 Qd5+ 24. Kg1 Qf3 25. Nh2 Nxe1 26. Rxe1 Qd3 27. Qa4 Rc8 28.
Rd1 Qe2 29. Rd2 Qe1+ 30. Kg2 Nxe5 31. Qc2 Nd3 32. Re2 Qa1 33. Nf3 Rfd8 34. Be3
Rd5 35. Qa4 a5 36. Bxb6 Nxb2 37. Qc2 Nd3 0-1

[Event "9. Int. Bavarian Open"]
[Site "Bad Wiessee"]
[Date "2005.10.31"]
[Round "3"]
[White "Jaracz, Pawel"]
[Black "Krämer, Stefan"]
[Result "1/2-1/2"]
[WhiteElo "2492"]
[BlackElo "2245"]
[PlyCount "45"]
[EventDate "2005.??.??"]

1. e4 e6 2. Qe2 c5 3. g3 Nc6 4. Bg2 g6 5. Nf3 Bg7 6. O-O d6 7. c3 Nge7 8. Na3
O-O 9. Nc2 b6 10. d4 Qc7 11. Rd1 Bb7 12. h4 h6 13. b3 Rfe8 14. Nh2 f5 15. Be3
Kh7 16. Qd2 Rad8 17. Re1 e5 18. d5 Nb8 19. h5 gxh5 20. exf5 Nd7 21. c4 Nf6 22.
f3 Nxf5 23. Qd3 1/2-1/2

[Event "9. Int. Bavarian Open"]
[Site "Bad Wiessee"]
[Date "2005.10.31"]
[Round "3"]
[White "Burmakin, Vladimir"]
[Black "Braun, Christian"]
[Result "1-0"]
[WhiteElo "2508"]
[BlackElo "2240"]
[PlyCount "55"]
[EventDate "2005.??.??"]

1. Nf3 Nf6 2. g3 d5 3. Bg2 c6 4. O-O Bg4 5. d4 e6 6. Nbd2 Nbd7 7. Re1 Bd6 8. e4
dxe4 9. Nxe4 Nxe4 10. Rxe4 Nf6 11. Re1 O-O 12. c3 Re8 13. Qb3 Qc7 14. Ne5 Bf5
15. Nc4 Bf8 16. Bf4 Qc8 17. a4 Nd5 18. Nd6 Bxd6 19. Bxd6 Qd7 20. Ba3 b5 21.
axb5 cxb5 22. Bb4 Nxb4 23. Qxb4 Rac8 24. Bf1 Rb8 25. Re5 Rb6 26. Rxb5 Reb8 27.
Rxb6 Rxb6 28. Qxb6 1-0

[Event "9. Int. Bavarian Open"]
[Site "Bad Wiessee"]
[Date "2005.10.31"]
[Round "3"]
[White "Akesson, Ralf"]
[Black "Krieger, Hermann"]
[Result "1-0"]
[WhiteElo "2486"]
[BlackElo "2231"]
[PlyCount "83"]
[EventDate "2005.??.??"]

1. d4 f5 2. g3 g6 3. Bg2 Nf6 4. Nf3 Bg7 5. O-O O-O 6. b3 d6 7. Bb2 h6 8. Nbd2
Nc6 9. c4 Qe8 10. d5 Nd8 11. Nd4 c5 12. Nb5 Qf7 13. a4 g5 14. e3 a6 15. Nc3 Qg6
16. Qc2 Nf7 17. a5 h5 18. Na4 Bd7 19. Nb6 Rad8 20. f4 Be8 21. fxg5 Qxg5 22.
Rae1 Nh6 23. Nf3 Qg4 24. Nh4 Nh7 25. Rf4 Qg5 26. Bxg7 Kxg7 27. Bh3 Bg6 28. Ref1
Ng4 29. Nxg6 Kxg6 30. Bxg4 hxg4 31. e4 Nf6 32. exf5+ Kg7 33. Re1 Rf7 34. Re6
Rh8 35. Nd7 Rh6 36. Qe2 Kh8 37. Rxe7 Nxd7 38. Rxf7 Ne5 39. Rf8+ Kg7 40. Re8
Nf3+ 41. Rxf3 gxf3 42. Qxf3 1-0

[Event "9. Int. Bavarian Open"]
[Site "Bad Wiessee"]
[Date "2005.10.31"]
[Round "3"]
[White "Albrecht, Rainer"]
[Black "Senff, Martin"]
[Result "1/2-1/2"]
[WhiteElo "2236"]
[BlackElo "2469"]
[PlyCount "63"]
[EventDate "2005.??.??"]

1. d4 d5 2. c4 e6 3. Nc3 Be7 4. Nf3 Nf6 5. Qc2 O-O 6. cxd5 exd5 7. Bg5 c6 8. e3
Nbd7 9. Bd3 Re8 10. h3 Nf8 11. Bf4 Bd6 12. Bxd6 Qxd6 13. O-O-O a5 14. Kb1 Be6
15. g4 b5 16. Rc1 a4 17. Ne2 Rac8 18. Qc5 Qb8 19. Qb4 Ne4 20. Bxe4 dxe4 21. Nd2
Bd5 22. Nf4 Ne6 23. Nxd5 cxd5 24. Rxc8 Rxc8 25. Rc1 Rf8 26. a3 Qh2 27. Qxb5
Qxf2 28. Nf1 Qg2 29. Qxa4 Qxh3 30. Qc6 Qxg4 31. b4 Qe2 32. Qxd5 1/2-1/2

[Event "9. Int. Bavarian Open"]
[Site "Bad Wiessee"]
[Date "2005.10.31"]
[Round "3"]
[White "Levushkina, Elena"]
[Black "Marcelin, Cyril"]
[Result "1-0"]
[WhiteElo "2230"]
[BlackElo "2463"]
[PlyCount "113"]
[EventDate "2005.??.??"]

1. e4 c5 2. Nf3 b6 3. d4 cxd4 4. Nxd4 Bb7 5. Nc3 a6 6. Be2 e6 7. a3 d6 8. O-O
Nf6 9. f3 Qc7 10. Be3 Nbd7 11. Qe1 Be7 12. Rd1 O-O 13. Qg3 Ne5 14. Nb3 b5 15.
Nd2 Rac8 16. Kh1 Kh8 17. f4 Ned7 18. Bd3 Nc5 19. Bd4 Nxd3 20. cxd3 Ne8 21. Nf3
Bf6 22. e5 dxe5 23. fxe5 Be7 24. Ng5 Bxg5 25. Qxg5 Qd7 26. Rf4 f5 27. exf6 Nxf6
28. Rdf1 Rf7 29. Rxf6 gxf6 30. Bxf6+ Rg7 31. Bxg7+ Qxg7 32. Qxg7+ Kxg7 33. Re1
Kf7 34. Kg1 Rg8 35. g3 h5 36. Ne4 Bxe4 37. Rxe4 Rc8 38. Kf2 Rc2+ 39. Re2 Rc1
40. Ke3 e5 41. Kd2 Rc5 42. Rf2+ Kg6 43. Rf8 Rd5 44. Ke3 b4 45. Ra8 a5 46. axb4
axb4 47. Rb8 Rd4 48. h3 Kf5 49. Rf8+ Kg5 50. Rg8+ Kf5 51. g4+ Kf6 52. b3 Ke6
53. Rg6+ Kd5 54. Rg5 h4 55. Rh5 Rf4 56. Rxh4 Rf1 57. g5 1-0

[Event "9. Int. Bavarian Open"]
[Site "Bad Wiessee"]
[Date "2005.10.31"]
[Round "3"]
[White "Schultz, Andreas"]
[Black "Zysk, Robert"]
[Result "1/2-1/2"]
[WhiteElo "2230"]
[BlackElo "2460"]
[PlyCount "85"]
[EventDate "2005.??.??"]

1. d4 f5 2. g3 Nf6 3. Bg2 g6 4. Nh3 Bg7 5. Nf4 d6 6. Nc3 c6 7. d5 e5 8. dxe6
Na6 9. h4 Nc5 10. h5 gxh5 11. e4 Nxe6 12. Nxh5 Nxe4 13. Nxe4 fxe4 14. Nxg7+
Nxg7 15. Qd4 Qe7 16. Qxe4 Qxe4+ 17. Bxe4 Bf5 18. Bxf5 Nxf5 19. Bf4 O-O 20.
O-O-O d5 21. Be5 Rae8 22. Rde1 Re6 23. Bc3 Rfe8 24. Rxe6 Rxe6 25. Re1 Kf7 26.
Rxe6 Kxe6 27. Kd1 h5 28. a4 b6 29. b3 c5 30. Ke2 Ne7 31. Bd2 Kf5 32. f3 Nc6 33.
Bc3 a6 34. Bg7 Kg6 35. Bc3 Kf5 36. Bg7 b5 37. axb5 axb5 38. Bf8 c4 39. bxc4
dxc4 40. Ke3 b4 41. g4+ hxg4 42. fxg4+ Kxg4 43. Bxb4 1/2-1/2

[Event "9. Int. Bavarian Open"]
[Site "Bad Wiessee"]
[Date "2005.10.31"]
[Round "3"]
[White "Hoffmann, Michael"]
[Black "Amos, Frank"]
[Result "1/2-1/2"]
[WhiteElo "2443"]
[BlackElo "2209"]
[PlyCount "58"]
[EventDate "2005.??.??"]

1. e4 e5 2. Nf3 Nc6 3. Bb5 Bc5 4. c3 Nf6 5. O-O O-O 6. d4 Bb6 7. Bg5 h6 8. Bh4
d6 9. Qd3 Bd7 10. Nbd2 a6 11. Bc4 Qe8 12. Bxf6 gxf6 13. Bb3 Kh7 14. Nc4 Ba7 15.
Ne3 Rg8 16. Nd5 Qd8 17. Nh4 Rg4 18. g3 exd4 19. e5+ Kh8 20. Nxf6 Rg7 21. Qd2
Rg5 22. Qd3 Bf5 23. Nxf5 Nxe5 24. Qe4 Qxf6 25. Qxb7 Rag8 26. f4 Rxf5 27. fxe5
Rxf1+ 28. Rxf1 Qxe5 29. Qxa7 Rxg3+ 1/2-1/2

[Event "9. Int. Bavarian Open"]
[Site "Bad Wiessee"]
[Date "2005.10.31"]
[Round "3"]
[White "Markl, Martin"]
[Black "Balinov, Ilija"]
[Result "0-1"]
[WhiteElo "2225"]
[BlackElo "2431"]
[PlyCount "48"]
[EventDate "2005.??.??"]

1. d4 Nf6 2. c4 g6 3. Nc3 d5 4. cxd5 Nxd5 5. Bd2 Bg7 6. e4 Nb6 7. Be3 O-O 8.
Nf3 Bg4 9. Be2 Nc6 10. e5 Nb4 11. h3 Bxf3 12. Bxf3 Nc4 13. Bxb7 Nxb2 14. Qe2
N4d3+ 15. Kf1 Rb8 16. Be4 c5 17. Nd5 cxd4 18. Bxd4 Nf4 19. Qc2 Nxd5 20. Bxb2
Qa5 21. Bxd5 Qxd5 22. Kg1 Rfc8 23. Qe2 Rxb2 24. Qxb2 Bxe5 0-1

[Event "9. Int. Bavarian Open"]
[Site "Bad Wiessee"]
[Date "2005.10.31"]
[Round "3"]
[White "Schatz, Dieter"]
[Black "Pirrot, Dieter"]
[Result "0-1"]
[WhiteElo "2218"]
[BlackElo "2401"]
[PlyCount "32"]
[EventDate "2005.??.??"]

1. e4 d5 2. Nc3 dxe4 3. Nxe4 e5 4. Nf3 f5 5. Nc3 e4 6. Ne5 Qd4 7. Nc4 Bc5 8.
Ne3 Nf6 9. Nb5 Qe5 10. b4 Bxe3 11. dxe3 Qxa1 12. Nxc7+ Ke7 13. b5 Qc3+ 14. Qd2
Qxc7 15. Ba3+ Kf7 16. Bd6 Qd8 0-1

[Event "9. Int. Bavarian Open"]
[Site "Bad Wiessee"]
[Date "2005.10.31"]
[Round "3"]
[White "Van den Bersselaar, Jeroen"]
[Black "Deglmann, Ludwig"]
[Result "1-0"]
[WhiteElo "2211"]
[BlackElo "2378"]
[PlyCount "41"]
[EventDate "2005.??.??"]

1. d4 f5 2. Nc3 Nf6 3. Bg5 d5 4. Bxf6 exf6 5. e3 Be6 6. Qf3 Qd7 7. Bb5 c6 8.
Bd3 g6 9. h4 h5 10. Nh3 Bd6 11. Nf4 Bf7 12. O-O-O Qc7 13. Kb1 Nd7 14. Qe2 O-O-O
15. Qd2 Kb8 16. Nfe2 Nb6 17. f3 Rhe8 18. e4 fxe4 19. fxe4 Bb4 20. exd5 Nxd5 21.
Nxd5 1-0

[Event "9. Int. Bavarian Open"]
[Site "Bad Wiessee"]
[Date "2005.10.31"]
[Round "3"]
[White "Meinhardt, Maximilian"]
[Black "Jaeschke, Benno"]
[Result "1-0"]
[WhiteElo "2372"]
[BlackElo "2203"]
[PlyCount "53"]
[EventDate "2005.??.??"]

1. e4 e5 2. Nf3 Nf6 3. Nxe5 d6 4. Nf3 Nxe4 5. Nc3 Nxc3 6. dxc3 Be7 7. Be3 Nc6
8. Qd2 Ne5 9. Be2 Be6 10. Nd4 Bc4 11. Nf5 O-O 12. O-O-O Bxe2 13. Qxe2 Qd7 14.
g4 Rfe8 15. f4 Ng6 16. h4 Qa4 17. Qf2 Bf8 18. Kb1 Ne7 19. Ng3 Nc6 20. g5 Qc4
21. h5 d5 22. g6 fxg6 23. hxg6 hxg6 24. f5 g5 25. f6 d4 26. f7+ Qxf7 27. Rh8+
1-0

[Event "9. Int. Bavarian Open"]
[Site "Bad Wiessee"]
[Date "2005.10.31"]
[Round "3"]
[White "Seidl, Jürgen Dr"]
[Black "Heinz, Axel"]
[Result "0-1"]
[WhiteElo "2209"]
[BlackElo "2363"]
[PlyCount "66"]
[EventDate "2005.??.??"]

1. d4 Nf6 2. c4 e6 3. Nc3 Bb4 4. e3 c5 5. Bd3 Nc6 6. Nge2 Bxc3+ 7. bxc3 d6 8.
O-O e5 9. Ng3 O-O 10. dxc5 dxc5 11. Ne4 Qe7 12. Nxf6+ Qxf6 13. Qc2 Kh8 14. f4
exf4 15. Rxf4 Qe7 16. Be4 Ne5 17. Bd5 Be6 18. Rb1 Rab8 19. Qe2 Ng6 20. Re4 Qd7
21. Bxe6 fxe6 22. Ba3 b6 23. Rd1 Qc6 24. Rg4 Rbd8 25. Bc1 Rxd1+ 26. Qxd1 Qc7
27. Re4 Rd8 28. Qg4 Qd7 29. Kf2 Rf8+ 30. Kg3 Rf5 31. h4 Ne5 32. Qe2 Nd3 33. Qd1
Qc7+ 0-1

[Event "9. Int. Bavarian Open"]
[Site "Bad Wiessee"]
[Date "2005.10.31"]
[Round "3"]
[White "Stark, Lars"]
[Black "Holl, Andreas"]
[Result "1-0"]
[WhiteElo "2342"]
[BlackElo "2192"]
[PlyCount "65"]
[EventDate "2005.??.??"]

1. c4 c5 2. g3 Nf6 3. Bg2 d5 4. cxd5 Nxd5 5. Nc3 Nc7 6. Qb3 Nc6 7. Bxc6+ bxc6
8. d3 e5 9. Qa4 Bd7 10. Nf3 f6 11. b3 Nb5 12. Bd2 Nd4 13. Rc1 Qb6 14. Be3 Be7
15. Ne4 Bh3 16. Nfd2 Rd8 17. Nc4 Qb4+ 18. Qxb4 cxb4 19. Bxd4 Rxd4 20. Na5 f5
21. Nd2 c5 22. Nc6 Bd6 23. Nxd4 exd4 24. f3 Kd7 25. Kf2 Re8 26. Rhe1 h5 27. e3
dxe3+ 28. Rxe3 Rxe3 29. Kxe3 g5 30. f4 gxf4+ 31. gxf4 Ke6 32. Nf3 Kd5 33. Ng5
1-0